000 00963nam a2200313 4500
003 EG-GICUC
005 20260312110700.0
008 260312s1935 uk ||||fr|||| 000 0 eng d
040 _aEG-GiCUC
_beng
_cEG-GiCUC
_dEG-GiCUC
_erda
041 _aeng
_heng
082 0 4 _221
_a341.6
_bWR . C
092 0 4 _221
099 _aLaw 11 341.6 WR . C 1935
100 1 _aWright, Quincy
_eAuthor.
245 1 3 _a The Causes of War and the Conditions of Peace /
_cPar Quincy Wright.
264 1 _aLondon;
_bLongmans,
_c1935.
300 _a148 pages :
_billustrations,
_c24 cm
336 _2rda content
_atext
337 _2rda media
_aComputer
338 _2rda carrier
_aOnline Resource
500 _aIndex included
504 _aBibliography: pages 200-250.
546 _aText in English
650 1 _aPublic international law
_2qrmak
651 1 _2qrmak
856 4 0 _uhttps://fll.law.cu.edu.eg/fulltext/bks/B11-08574.pdf
905 _a31
942 _2ddc
_n0
_cBK
_e21
999 _c66225
_d66225